Estadísticas para Países que más contaminan con plástico

Haz click aquí para intentar la prueba.

Estadísticas generales

  • Esta prueba ha sido intentada 28 veces
  • La puntuación promedio es 10 de 20

Estadísticas de respuestas

%País% Correcto
7,2China
96%
13,0India
96%
2,4Tailandia
78%
2,5Bangladés
74%
5,7Indonesia
74%
2,8Vietnam
74%
7,6Malasia
70%
3,9Brasil
67%
36,8Filipinas
67%
1,9Nigeria
59%
1,5Turquía
56%
1,0Sri Lanka
52%
0,6Argelia
44%
0,6Venezuela
30%
0,6Tanzania
26%
1,1Camerún
22%
0,7Guatemala
19%
0,7Haití
11%
0,5Panamá
7%
0,6República Dominicana
7%

Distribución de puntuación

Porcentaje por número respondido

Porcentaje de gente con cada puntuación

Historial de tus puntuaciones

No has intentado esta prueba.